Вопросы прогнозирования и оценки месторождений вольфрама, олова и редких элементов: сборник научных трудов

Бібліографічні деталі
Співавтор: Казахский научно-исследовательский институт минерального сырья
Інші автори: Пушко Е. П. (редактор)
Мова:Російська
Опубліковано: Алма-Ата, Изд-во КазИМС, 1985
Предмети:
Формат: MixedMaterials Книга
KOHA link:https://koha.lib.tpu.ru/cgi-bin/koha/opac-detail.pl?biblionumber=216017

MARC

LEADER 00000nam0a2200000 4500
001 216017
005 20231101230017.0
035 |a (RuTPU)RU\TPU\book\235978 
090 |a 216017 
100 |a 20120518d1985 k y0rusy50 ca 
101 0 |a rus 
102 |a KZ 
105 |a a z 001zy 
200 1 |a Вопросы прогнозирования и оценки месторождений вольфрама, олова и редких элементов  |e сборник научных трудов  |f Казахский научно-исследовательский институт минерального сырья ; отв. ред. Е. П. Пушко 
210 |a Алма-Ата  |c Изд-во КазИМС  |d 1985 
215 |a 131 с.  |c ил. 
320 |a Библиография в конце статей 
610 1 |a редкометальные месторождения 
610 1 |a поиски 
610 1 |a оценка 
610 1 |a редкометальные граниты 
610 1 |a прогнозирование 
610 1 |a вольфрам 
610 1 |a олово 
610 1 |a рудные тела 
610 1 |a морфология 
610 1 |a сборники 
675 |a 553.493.5  |v 3 
702 1 |a Пушко  |b Е. П.  |4 340 
712 0 2 |a Казахский научно-исследовательский институт минерального сырья  |2 stltpush  |3 (RuTPU)RU\TPU\col\8431  |9 24524 
801 1 |a RU  |b 63413507  |c 20120518 
801 2 |a RU  |b 63413507  |c 20120522  |g RCR 
942 |c BK